000
00316nam a22001337a 4500
008
170727b xxu||||| |||| 00| 0 eng d
020
_a
9780750679671
041
_a
eng
080
_a
004
100
_a
31
101
_a
SHK
245
_a
BIOMETRIC TECHNOLOGIES AND VERIFICATION SYSTEMS
_c
VACCA,J,R
942
_2
udc
_c
BK
999
_c
21982
_d
21982